[Event "CADAP MLP-02/2003 email"]
[Site "CADAP email"]
[Date "2004.05.31"]
[Round "?"]
[White "Bastos da Silva, AL."]
[Black "Yepez Gutierrez, Julian"]
[Result "0-1"]
[WhiteElo "2255"]
[BlackElo "2187"]
[PlyCount "122"]
[EventDate "2005.??.??"]
[EventType "tourn (corr)"]
[EventRounds "14"]
[EventCountry "ARG"]
[SourceTitle "Corr 2008"]
[Source "ChessBase"]
[SourceDate "2008.06.24"]
[SourceVersion "1"]
[SourceVersionDate "2008.06.24"]
[SourceQuality "1"]

1. e4 c5 2. Nf3 d6 3. d4 cxd4 4. Nxd4 Nf6 5. Nc3 a6 6. Bg5 e6 7. f4 Qb6 8. Nb3 Be7 9. Qf3 Nbd7 10. 0-0-0 Qc7 11. Be2 b5 12. Bxf6 Nxf6 13. e5 Bb7 14. Qg3 dxe5 15. fxe5 Nd7 16. Bf3 0-0 17. Bxb7 Qxb7 18. Rhe1 Rac8 19. a3 Nb6 20. Ne4 Qc7 21. c3 Nc4 22. Nd6 Bxd6 23. exd6 Qd7 24. Rd4 Rc6 25. Nd2 Nxd6 26. Nf3 f6 27. Qg4 Re8 28. Rd2 Rb6 29. Rde2 Nf7 30. Rd1 Qc8 31. Red2 Rb7 32. Rc2 Rbe7 33. Kb1 Nh6 34. Qh3 Qc5 35. Ne1 e5 36. Rcd2 e4 37. Nc2 Qf5 38. Qxf5 Nxf5 39. Rf2 Re5 40. Rd7 R8e7 41. Rd8+ Kf7 42. Kc1 Kg6 43. Re2 R7e6 44. g4 Nh4 45. Nd4 Re8 46. Rd7 h5 47. Nc6 R5e6 48. Nd4 hxg4 49. Nxe6 Rxe6 50. a4 bxa4 51. c4 f5 52. c5 Kf6 53. Rc2 e3 54. c6 e2 55. Rxe2 Rxc6+ 56. Rc2 Rxc2+ 57. Kxc2 Nf3 58. Rd6+ Kg5 59. Rxa6 Nxh2 60. Kd1 g3 61. Ke2 f4 0-1

[Event "CADAP MLP-02/2003 email"]
[Site "CADAP email"]
[Date "2004.05.31"]
[Round "?"]
[White "Salcedo Montoya, D."]
[Black "Bastos da Silva, AL."]
[Result "0-1"]
[WhiteElo "2000"]
[BlackElo "2255"]
[PlyCount "64"]
[EventDate "2005.??.??"]
[EventType "tourn (corr)"]
[EventRounds "14"]
[EventCountry "ARG"]
[SourceTitle "Corr 2008"]
[Source "ChessBase"]
[SourceDate "2008.06.24"]
[SourceVersion "1"]
[SourceVersionDate "2008.06.24"]
[SourceQuality "1"]

1. e4 c5 2. Nf3 e6 3. d4 cxd4 4. Nxd4 a6 5. Nc3 Qc7 6. Bd3 Nc6 7. Nxc6 bxc6 8. 0-0 Nf6 9. Qe2 d5 10. Bg5 Bb7 11. f4 Be7 12. e5 Nd7 13. Bxe7 Kxe7 14. Na4 c5 15. c4 d4 16. Be4 Bxe4 17. Qxe4 g6 18. b3 a5 19. Nb2 h5 20. Nd3 Ra6 21. Rab1 Rb8 22. Qe1 Kf8 23. Qd2 Kg7 24. Rfc1 h4 25. h3 Qd8 26. Qf2 Qe7 27. a3 Rab6 28. b4 Kg8 29. b5 R6b7 30. Qd2 Rf8 31. Qxa5 Nb6 32. Qd2 Ra8 0-1

[Event "CADAP MLP-02/2003 email"]
[Site "CADAP email"]
[Date "2003.10.02"]
[Round "?"]
[White "Bastos da Silva, AL."]
[Black "Marques da Silva, Ivan"]
[Result "1-0"]
[WhiteElo "2255"]
[BlackElo "2104"]
[PlyCount "65"]
[EventDate "2005.??.??"]
[EventType "tourn (corr)"]
[EventRounds "14"]
[EventCountry "ARG"]
[SourceTitle "Corr 2008"]
[Source "ChessBase"]
[SourceDate "2008.06.24"]
[SourceVersion "1"]
[SourceVersionDate "2008.06.24"]
[SourceQuality "1"]

1. e4 Nc6 2. d4 d5 3. e5 Bf5 4. Ne2 f6 5. Ng3 Bg6 6. Bb5 fxe5 7. dxe5 e6 8. h4 Bf7 9. Bxc6+ bxc6 10. h5 Nh6 11. Bxh6 gxh6 12. Nd2 Qb8 13. Rb1 Bg7 14. Nf3 Qb6 15. 0-0 0-0-0 16. b4 Rdf8 17. c4 Kd7 18. a4 a5 19. c5 Qa7 20. b5 cxb5 21. Qd4 Qa8 22. axb5 Rc8 23. Ra1 Rb8 24. Rfb1 Ke8 25. Qc3 a4 26. Qb4 Rg8 27. Rxa4 Qb7 28. Qa3 Qc8 29. Ra7 Bh8 30. Qa5 c6 31. Rc7 Qd8 32. Qa7 Ra8 33. Qb7 1-0